Política comercial e integración económica en Centroamérica /

Збережено в:
Бібліографічні деталі
Співавтори: FUNPADEM, CREI
Формат: Текст
Опубліковано: San José: FUNPADEM
Теги: Додати тег
Немає тегів, Будьте першим, хто поставить тег для цього запису!

MARC

LEADER 00000 a a2200000 04500
001 25807
003
040
020 |a 9968-9804-1-2  
090 |a 174203  
110 |a FUNPADEM  
245 |a Política comercial e integración económica en Centroamérica /  |c FUNPADEM  
260 |a San José:   |b FUNPADEM  
300 |a 276 p.  
710 |a CREI  
999 |c 11628  |d 11628